Statistics for Skyrim Trivia Quiz

Click here to take the quiz!

General Stats

  • This quiz has been taken 9,178 times
    (9,172 since last reset)
  • The average score is 8 of 15

Answer Stats

QuestionAnswer% Correct
What is the first name of the leader of the Stormcloaks?Ulfric
94%
What is the name of the town that your character is about to be executed in at the beginning of the game?Helgen
91%
Which Thu'um is "Fus Ro Dah"?Unrelenting Force
69%
Which mythical animal is associated with The Ring of Hircine?Werewolf
64%
Who is the person in the Coffin in the Dark Brotherhood?The Night Mother
63%
What is the name of the brother of Alduin?Paarthurnax
59%
What are the three types of Elf races?Wood, High and Dark
59%
Where can you find the Crimson Nirnroot in Skyrim?Blackreach
57%
Who stole money and treasure from the Thieves Guild vault?Mercer Frey
51%
Which Alchemy ingedient is named after a part of the Dragon's body?Dragon's Tongue
43%
What is the name of the axe wielded by Ysgramor?Wuuthrad
41%
What is the main, central, pub in Riften?The Bee and Barb
37%
What is the name of the zone under the College of Winterhold?The Midden
33%
What facillity should you use a Sigil Stone with to create Deadric items?The Atronach Forge
19%
Where would you craft together The Gauldur Amulet?Reachwater Rock
4%

Score Distribution

Percentile by Number Answered

Percent of People with Each Score

Your Score History

You have not taken this quiz since the last reset